| 000 | 00355nam a2200145Ia 4500 | ||
|---|---|---|---|
| 008 | 230917s9999||||xx |||||||||||||| ||und|| | ||
| 040 |
_e103841 _aMAIN |
||
| 041 | _aEnglish | ||
| 082 | _a843 F617M | ||
| 100 | _aFlaubert, Gustave | ||
| 245 | 0 | _aMadame bovary | |
| 260 |
_aHert for dshire _bWordsworth Classics _c2001 |
||
| 300 | _a277p p. | ||
| 942 | _cBK | ||
| 999 |
_c117515 _d117515 |
||